000 01661nam0a2200385 4500
001 RU\NLR\BIBL_A\012297941
005 20200826150520.0
010 _a978-5-9950-0989-4
_bКучково поле
010 _a978-5-9907252-7-0
_bВоевода
_91000
021 _aRU
_bКН-П-20-017036
_9КН-П-20-1329
035 _a(NLR Aleph) 012297941
035 _a(RuMoRGB)010307438
090 _a11305842
_c11305842
100 _a20200722d2019 u y0rusy50 ca
101 0 _arus
102 _aRU
105 _ay|||z|||001za
181 0 _ai
_baxxe
182 0 _an
200 1 _aВоспоминания
_e[с 1809 по 1847 год]
_fГ.И. Филипсон
_g[подгот. текста, коммент. В.Е. Климанова]
203 _aТекст
_bвизуальный
_cнепосредственный
210 _aМосква
_cКучково поле
_cВоевода
_d2019
215 _a445, [2] с.
_d21
225 1 _aВоенные мемуары
300 _aНа обороте тит. л. в аннот. авт.: Г.И. Филипсон, ген. от инфантерии
320 _aИмен. указ.: с. 436-446
600 1 _aФилипсон
_bГ.И.
_f1809 - 1883
_gГригорий Иванович
_jВоспоминания, записки и т.п
_92448530
_3RU\NLR\AUTH\6601673693
686 1 _aЦ4,8(2)243.1дФилипсон
700 1 _aФилипсон
_bГ. И.
_f1809-1883
_gГригорий Иванович
702 1 _aКлиманов
_bВ. Е.
_4570
942 _cBOOK
980 _aNBR
980 _aNB